Architecture for the new world: The work of Harry Seidler (Record no. 32360)

MARC details
000 -LEADER
fixed length control field 00292nam a2200109Ia 4500
082 ## - DEWEY DECIMAL CLASSIFICATION NUMBER
Classification number 072.01
Item number BLA
100 ## - MAIN ENTRY--AUTHOR NAME
Personal name Blake, P
245 #0 - TITLE STATEMENT
Title Architecture for the new world: The work of Harry Seidler
260 ## - PUBLICATION, DISTRIBUTION, ETC. (IMPRINT)
Place of publication Sydney
Name of publisher Horwitz
Year of publication 1973
942 ## - ADDED ENTRY ELEMENTS (KOHA)
Koha item type Books
Holdings
Withdrawn status Lost status Damaged status Not for loan Home library Current library Date acquired Cost, normal purchase price Full call number Accession Number Koha item type
        RRII Library RRII Library 16/12/2021 18.00 072.01 BLA 12879 Books